000 00544nam a2200193Ia 4500
008 151121s9999||||xx |||||||||||||| ||und||
082 _a811/गिरीश
082 _bHNW-12514
100 _aगिरीश
245 _aअभागी क मल
260 _b"मधुसून शकर कानेटके, पुणे।"
260 _c--
300 _a99
600 _aगिरीश
630 _aअभागी क मल
700 _aगिरीश
730 _aअभागी क मल
942 _cBOOK
999 _c1216946
_d1216943